00423cam a2200169ua 4500001000500000005001700005008003900022040000900061082001300070100002700083245004700110250000900157260003000166300001700196653001800213653002200231387320260515113738.0111207n ii |||gr||||Z||||||asm cMAIN a891.45111 aHazarika, Karabi Deka,11aKavitar rup chayacby Karabi Deka Hazarika a1st. aDibrugarh:bBanalata,991. a202p:c23cm. aAssamese poem aKavitar rup chaya